البترول والغاز الطبيعي : (Record no. 28586)

MARC details
000 -الفاتح
حقل البيانات ثابتة الطول 01605nam a22003257i 4500
003 - محدد رقم الضبط
رقم الضبط EG-ScBUE
005 - وقت وتاريخ اخر تعامل مع التسجيلة
رقم الضبط 20260510124952.0
008 - عناصر البيانات ثابتة الطول - معلومات عامة
حقل البيانات ثابتة الطول 200130s2013 ua a frbd 000 0 ara d
017 ## - رقم الإيداع القانونى
رقم الإيداع القانونى 2013 / 9041
020 ## - الرقم الدولى المعيارى للكتب
الرقم الدولى المعيارى للكتاب 9789771028758
040 ## - مصدر الفهرسة
وكالة الفهرسة الأصلية EG-ScBUE
لغة الفهرسة ara
قواعد الوصف rda
وكالة النسخ EG-ScBUE
وكالة التعديل EG-ScBUE
082 04 - رقم تصنيف ديوى العشرى
رقم التصنيف 553.28
رقم المادة ز ي د
رقم الطبعة 22
100 1# - المدخل الرئيسى - إسم شخصى
الإسم الشخصى زيدان، سليم،
الدور مؤلف.
245 12 - بيان العنوان
العنوان البترول والغاز الطبيعي :
بقية العنوان من الجيولوجيا إلي الاستكشاف والإنتاج /
بيان المسئوليه,etc الدكتور سليم زيدان، أستاذ البتروفيزياء وتسجيلات الآبار، قسم التعدين والبترول، كلية الهندسة، جامعة الأزهر ورئيس قسم هندسة البترول وتكنولوجيا الغاز، كلية الهندسة، الجامعة البريطانية في مصر سابقا.
250 ## - بيان الطبعة
بيان الطبعة الطبعة الأولى.
264 #1 - النشر، التوزيع
مكان الناشر او الموزع القاهرة :
اسم الناشر او الموزع دار الفكر العربي،
تاريخ النشر أو التوزيع 2013.
300 ## - الوصف المادى
التعداد 583 صفحة :
تفاصيل ماديه اخرى للوعاء إيضاحيات ؛
أبعاد الوعاء 24 سم
336 ## - نوع المحتوى
source rdacontent
Carrier Type Term نص
Content Type Code txt
337 ## - نوع الوسيط
source rdamedia
Media Type Term بدون وسيط
Media Type Code n
338 ## - نوع الحامل أو الناقل
source rdacarrier
Carrier Type Term مجلد
Carrier Type Code nc
500 ## - تبصرة عامة
تبصرة عامة يشتمل على معجم مصطلحات.
500 ## - تبصرة عامة
تبصرة عامة يشتمل على ملاحق.
504 ## - تبصرة ببليوجرافية
تبصرة ببليوجرافية,الخ يشتمل على إرجاعات ببليوجرافية.
541 ## - تبصرة المصدر المباشر للتزويد
مصدر التزويد دكتور سليم زيدان ؛
طريقة التزويد إهداء.
650 #7 - المدخل الاضافى بالموضوع-مصطلح موضوعى
مصطلح موضوعي أو اسم جغرافي كعنصر مدخل البترول
التقسيم الفرعي العام التنقيب عن.
مصدر الرأس أو المصطلح BUEsh
650 #7 - المدخل الاضافى بالموضوع-مصطلح موضوعى
مصطلح موضوعي أو اسم جغرافي كعنصر مدخل البترول
التقسيم الفرعي العام جيولوجيا.
مصدر الرأس أو المصطلح BUEsh
9 (RLIN) 22723
653 ## - مصطلح تكشيفى غير مقيد
Resource For college Generalities
Arrived date list January2020
655 ## - مصطلح تكشيفى-نوع/شكل
التقسيم الفرعي الشكلي Reading book
942 ## - عناصر المدخل الإضافي( كوها)
مصدر التصنيف او مخطط الترفيف Dewey Decimal Classification
Holdings
حالة التراجع حالة الفقد مصدر التصنيف او خطة الترفيف حالة تلف ليس للاعارة مجموعات كوها المكان الدائم المكان الحالي موقع الترفيف تاريخ الاكتساب Source of acquisition رقم الاستدعاء الباركود Date last seen مُعار تبصرة غير عامة( المفوع للعناصر المفقوده) نوع الوعاء
    Dewey Decimal Classification     Donation-Gift Central Library Central Library Ground Floor 30/01/2020 Donation 553.28 ز ي د 000048551 15/07/2025 25/08/2020 Donation from Dr. Selim Zedan Book - Borrowing